000 00687cam a2200205 a 4500
001 000008081
005 20200929154426.0
008 990505s1998 ec 001 j spa
020 _a9978620982
040 _aDO-SdBNP
_cDLC
082 _aEc863.44
_bL579r
100 1 _aLeón Mancheno, Vinicio.
_921985
245 1 4 _aLos relojes blandos /
_cVinicio León Mancheno.
260 _aEcuador :
_bCasa de la Cultura Ecuatoriana "Benjamin Carrión",
_c1998.
300 _a169 p. ;
_c21 cm.
586 _aPremio IV Bienal del Cuento Ecuatoriano Pablo Palacios, 1997
650 4 _aCuentos ecuatorianos
_917829
650 4 _aLiteratura ecuatoriana
_93938
910 _aCatalogación por copia / LC
999 _c7858
_d7858